Nemáme čo skrývať

Slováci a pivo. Tohtoročná letná sezóna potvrdila záujem o čapované pivo aj radlery a rôzne špeciály. Hodnotenie sezóny za strany pivovarníkov. Povinnosť uvádzať zloženie piva.

Na minha lista:
Detalhes bibliográficos
Formato: Capítulo de Livro
Idioma:eslovaco
Assuntos:
Tags: Adicionar Tag
Sem tags, seja o primeiro a adicionar uma tag!

MARC

LEADER 00000naa a2200000 4500
001 0259948
005 20191127110317.1
041 0 |a slo 
044 |a SK 
245 1 0 |a Nemáme čo skrývať 
520 |a Slováci a pivo. Tohtoročná letná sezóna potvrdila záujem o čapované pivo aj radlery a rôzne špeciály. Hodnotenie sezóny za strany pivovarníkov. Povinnosť uvádzať zloženie piva. 
610 2 0 |a pivo 
610 2 0 |a pivovarníctvo 
610 2 0 |a spotreba 
610 2 0 |a preferencie spotrebiteľské